Intelligent Computer Mathematics : 11th International Conference, AISC 2012, 19th Symposium, Calculemus 2012, 5th International Workshop, DML 2012, 11th International Conference, MKM 2012, Systems and Projects, Held as Part of CICM 2012, Bremen, Germany, July 8-13, 2012, Proceedings /
Guardado en:
| Autor principal: | |
|---|---|
| Formato: | Libro |
| Idioma: | Inglés |
| Publicado: |
Berlín, Alemania :
Springer,
2012, c2012
|
| Colección: | (Lecture Notes in Computer Science)
|
| Acceso en línea: | Ver documento en línea |
| Etiquetas: |
Sin etiquetas, Sé el primero en etiquetar este registro!
|
MARC
| LEADER | 00000nam^a22000000a04500 | ||
|---|---|---|---|
| 001 | 000609401 | ||
| 009 | 20260512124239.012 | ||
| 020 | |a 978-3-642-31374-5 | ||
| 022 | |a 1611-3349 | ||
| 037 | |a Acervo ITESO - Biblioteca | ||
| 041 | |a ING | ||
| 082 | |a Libro en línea | ||
| 100 | |a Johan Jeuring, John A. Campbell, Jacques Carette, Gabriel Reis, Petr Sojka, Makarius Wenzel, Volker Sorge |e (edición) | ||
| 245 | |a Intelligent Computer Mathematics : |b 11th International Conference, AISC 2012, 19th Symposium, Calculemus 2012, 5th International Workshop, DML 2012, 11th International Conference, MKM 2012, Systems and Projects, Held as Part of CICM 2012, Bremen, Germany, July 8-13, 2012, Proceedings / | ||
| 264 | 4 | |a Berlín, Alemania : |b Springer, |c 2012, c2012 | |
| 264 | 2 | |a Cham, Suiza : |b Springer Link [distribución], |c 2025 | |
| 300 | |a 1 libro electrónico en línea (XVIII, 473 p.) | ||
| 300 | |a 1 recurso en línea | ||
| 336 | |a datos para computadora |b cod |2 rdacontenido | ||
| 337 | |a computadora |b c |2 rdamedio | ||
| 338 | |a recurso en línea |b cr |2 rdasoporte | ||
| 440 | |a (Lecture Notes in Computer Science) | ||
| 506 | 0 | |a Licencias ilimitadas | |
| 567 | |a Catalogación rápida | ||
| 649 | |a XX | ||
| 856 | 4 | 0 | |u https://link-springer-com.ezproxy.iteso.mx/10.1007/978-3-642-31374-5 |y Ver documento en línea |
| 910 | |a Fondo General | ||
| 920 | |a Electrónicos - Libros en Línea | ||
| 930 | |a Plataforma Digital | ||
| 905 | |a 205 | ||
| 902 | |a https://opac.biblio.iteso.mx/vufind/Record/000609401 | ||